000 00335 a2200157 4500
001 169790
020 _a
040 _cMagnum
100 _aDinorah, Maria
240 1 0 _aO desafio da liberdade
_lpor
245 1 0 _aO desafio da liberdade
362 0 _a1899
440 1 _aDimensão
697 _aJ/ADOLESCENTE, NAMORO
942 _cBK
999 _c169790
_d169790